ბათუმის შოთა რუსთაველის სახელმწიფო უნივერსიტეტის ბიბლიოთეკა

პედაგოგიური ინვარიანტები (ბიბ.ჩანაწერი № 36598)

000 -LEADER
fixed length control field 00704nam a2200229Ia 4500
001 - CONTROL NUMBER
control field 2517
003 - CONTROL NUMBER IDENTIFIER
control field GE_BSU
008 - FIXED-LENGTH DATA ELEMENTS--GENERAL INFORMATION
fixed length control field 181216s||||||||xx |||||||||||||| ||und||
020 ## - INTERNATIONAL STANDARD BOOK NUMBER
International Standard Book Number 9789941420245
040 ## - CATALOGING SOURCE
Transcribing agency GE_BSU
080 ## - UNIVERSAL DECIMAL CLASSIFICATION NUMBER
Universal Decimal Classification number 37.01(44)
100 ## - MAIN ENTRY--PERSONAL NAME
Personal name ფრენე სელესტენ.
245 ## - TITLE STATEMENT
Title პედაგოგიური ინვარიანტები
245 ## - TITLE STATEMENT
Statement of responsibility, etc. [რედ.კახმეგ კუდავა]
260 ## - PUBLICATION, DISTRIBUTION, ETC.
Place of publication, distribution, etc. თბილისი
260 ## - PUBLICATION, DISTRIBUTION, ETC.
Name of publisher, distributor, etc. ინტელექტი
260 ## - PUBLICATION, DISTRIBUTION, ETC.
Date of publication, distribution, etc. 106 გვ.
300 ## - PHYSICAL DESCRIPTION
Extent 106 გვ.
653 ## - INDEX TERM--UNCONTROLLED
Uncontrolled term პედაგოგიური ინვარიანტები
942 ## - ADDED ENTRY ELEMENTS (KOHA)
Koha item type წიგნი
ეგზემპლარები
Withdrawn status Lost status Damaged status Not for loan Date acquired Barcode Date last seen Price effective from Koha item type
        2018-12-17 1555 2018-12-17 2018-12-17 წიგნი